[Event "AUTO-OPEN-1114"]
[Site "http://www.queenalice.com/game.php?id=395803"]
[Date "2008.4.30"]
[Round "1"]
[White "gyseli"]
[Black "emiliano"]
[Result "0-1"]
[WhiteElo "1080"]
[BlackElo "1940"]

1. g3 d5 2. Bg2 Nf6 3. d3 e5 4. Nf3 Nc6 5. b3 b6 6. Bg5 Be7 7. Nc3 Bb4 8. Qd2 d4
9. Nxd4 exd4 10. Bxc6+ Bd7 11. Bxa8 Bxc3 12. Qxc3 dxc3 0-1

[Event "AUTO-OPEN-1114"]
[Site "http://www.queenalice.com/game.php?id=395804"]
[Date "2008.4.30"]
[Round "1"]
[White "emiliano"]
[Black "gyseli"]
[Result "1-0"]
[WhiteElo "1942"]
[BlackElo "1080"]

1. e4 g6 2. d4 d6 3. f4 Bg7 4. Nf3 f6 5. Bc4 e6 6. O-O d5 7. exd5 exd5 8. Re1+
Ne7 9. Nc3 c6 10. Bb3 Nd7 11. Na4 f5 12. Ng5 1-0

[Event "Challenge"]
[Site "http://www.queenalice.com/game.php?id=396000"]
[Date "2008.4.30"]
[Round "-"]
[White "gyseli"]
[Black "stoyan1"]
[Result "0-1"]
[WhiteElo "1080"]
[BlackElo "1887"]

1. g3 e5 2. d3 d5 3. e3 c5 4. Nf3 Bg4 5. Rg1 Qf6 6. Bg2 e4 7. dxe4 dxe4 8. Bh3
Bxh3 9. Nbd2 exf3 10. Nxf3 Bg4 11. c3 Bxf3 12. Qa4+ Bc6 13. Qb3 Na6 14. f4 O-O-O
15. Bd2 Bf3 16. Rf1 Be4 17. a3 Nh6 18. h4 Ng4 19. Qd1 Nh2 20. Rf2 Rxd2 0-1

[Event "Challenge"]
[Site "http://www.queenalice.com/game.php?id=396003"]
[Date "2008.4.30"]
[Round "-"]
[White "gyseli"]
[Black "perucona"]
[Result "0-1"]
[WhiteElo "1112"]
[BlackElo "1153"]

1. g3 e5 2. d3 d5 3. e3 Nc6 4. f4 exf4 5. exf4 Nf6 6. Be2 Qd6 7. c3 Bg4 8. Bxg4
Nxg4 9. Qxg4 Qe6+ 10. Qxe6+ fxe6 11. Ne2 O-O-O 12. O-O Bc5+ 13. d4 Bd6 14. b4 g5
15. fxg5 Rdg8 16. h4 h6 17. gxh6 Rxh6 18. Bxh6 Rxg3+ 19. Nxg3 Bxg3 20. Bf4 Bxh4
21. Nd2 b5 0-1

[Event "Challenge"]
[Site "http://www.queenalice.com/game.php?id=396007"]
[Date "2008.4.30"]
[Round "-"]
[White "KasparovPadawan"]
[Black "gyseli"]
[Result "1-0"]
[WhiteElo "1811"]
[BlackElo "1080"]

1. d4 g6 2. e4 d6 3. Nf3 Bg7 4. Nc3 Nf6 5. Bd3 O-O 6. O-O b6 7. Re1 Bg4 8. Bc4
e6 9. Qd3 d5 10. exd5 exd5 11. Ba6 Bc8 12. Bxc8 Qxc8 13. h3 c6 14. b3 Ne8 15.
Ba3 c5 16. Nxd5 Qd7 17. Ne3 Bxd4 18. Nxd4 cxd4 19. Bxf8 1-0

[Event "Challenge"]
[Site "http://www.queenalice.com/game.php?id=396157"]
[Date "2008.5.1"]
[Round "-"]
[White "gyseli"]
[Black "Rutty"]
[Result "0-1"]
[WhiteElo "1100"]
[BlackElo "1977"]

1. g3 g6 2. Nf3 Bg7 3. Bg2 e5 4. O-O e4 5. Nh4 Nf6 6. e3 O-O 7. c3 d5 8. f3 c5
9. d3 g5 10. Bh3 Bxh3 11. Re1 gxh4 12. gxh4 Nh5 13. fxe4 Qxh4 14. Bd2 Qg5+ 15.
Kf2 Qg2# 0-1

[Event "Challenge"]
[Site "http://www.queenalice.com/game.php?id=396159"]
[Date "2008.5.1"]
[Round "-"]
[White "Rutty"]
[Black "gyseli"]
[Result "1-0"]
[WhiteElo "2036"]
[BlackElo "1080"]

1. e4 g6 2. Nf3 Bg7 3. Bc4 e6 4. O-O Nf6 5. e5 Nh5 6. d4 O-O 7. g4 b6 8. gxh5
gxh5 9. Bf4 c5 10. d5 Bb7 11. Nc3 a5 12. Nb5 f6 13. dxe6 dxe6 14. Bxe6+ Kh8 15.
Nd6 Qe7 16. Nxb7 Qxe6 17. Kh1 Nc6 18. Qd6 Qg4 19. Qxc6 Ra6 20. Bg3 Rc8 21. Qd5
fxe5 22. Nxe5 Qg5 23. Nf7+ Kg8 24. Nh6+ Kf8 25. Qf7# 1-0

[Event "Challenge"]
[Site "http://www.queenalice.com/game.php?id=396173"]
[Date "2008.5.1"]
[Round "-"]
[White "Amorim_TJ"]
[Black "gyseli"]
[Result "1-0"]
[WhiteElo "1100"]
[BlackElo "1100"]

1. e4 c6 2. d4 e6 3. Nf3 d5 4. Nc3 g6 5. e5 h5 6. Bd3 Qa5 7. Ng5 f6 8. Qf3 Kd7
9. exf6 Nxf6 10. Qxf6 Bg7 11. Qxg7+ Kd6 12. Bf4+ e5 13. Bxe5# 1-0

[Event "AUTO-OPEN-1115"]
[Site "http://www.queenalice.com/game.php?id=396277"]
[Date "2008.5.1"]
[Round "1"]
[White "chesplayer"]
[Black "gyseli"]
[Result "1-0"]
[WhiteElo "1694"]
[BlackElo "1080"]

1. e4 e5 2. Nf3 f6 3. Nc3 c6 4. Bc4 b5 5. Bxg8 Rxg8 6. O-O d6 7. d4 b4 8. Ne2
Ba6 9. dxe5 dxe5 10. Qxd8+ Kxd8 11. Rd1+ Nd7 12. Ng3 Be2 13. Nxe2 Rb8 14. Ng3
Bc5 15. Nf5 1-0

[Event "AUTO-OPEN-1115"]
[Site "http://www.queenalice.com/game.php?id=396278"]
[Date "2008.5.1"]
[Round "1"]
[White "gyseli"]
[Black "chesplayer"]
[Result "0-1"]
[WhiteElo "1080"]
[BlackElo "1696"]

1. g3 e5 2. Bg2 Nc6 3. Nf3 Nf6 4. O-O d5 5. d3 d4 6. b3 Bb4 7. e3 dxe3 8. Bxe3
O-O 9. c3 Ba5 10. b4 Bb6 11. Nbd2 Bxe3 12. fxe3 Qxd3 13. Rf2 Qxe3 14. a4 Ng4 0-1

[Event "Challenge"]
[Site "http://www.queenalice.com/game.php?id=397126"]
[Date "2008.5.2"]
[Round "-"]
[White "Papageno"]
[Black "gyseli"]
[Result "1-0"]
[WhiteElo "1841"]
[BlackElo "1080"]

1. e4 d6 2. Nc3 e6 3. b3 e5 4. Bb2 g6 5. d4 f6 6. dxe5 dxe5 7. Qxd8+ Kxd8 8. Nb5
c6 9. O-O-O+ Bd7 10. Na3 Ne7 11. g3 Bh6+ 12. Kb1 Ke8 13. Rd6 Nc8 14. Rxf6 Bg7
15. Rf3 Bg4 16. Rd3 Rf8 17. f3 Be6 18. Bh3 Bxh3 19. Nxh3 Nd7 20. Ng5 Bf6 21. Ne6
Rf7 22. Nc7+ Kf8 23. Nxa8 h5 24. Nc7 Nc5 25. Rc3 b6 26. Rxc5 1-0

[Event "Challenge"]
[Site "http://www.queenalice.com/game.php?id=397172"]
[Date "2008.5.2"]
[Round "-"]
[White "Corinthians17"]
[Black "gyseli"]
[Result "1-0"]
[WhiteElo "1489"]
[BlackElo "1080"]

1. e4 Nc6 2. d4 Nf6 3. Bd3 d6 4. Be3 e6 5. Nf3 Bd7 6. Nc3 Be7 7. O-O g6 8. Qe2
Rg8 9. b4 a5 10. b5 Nb4 11. e5 b6 12. exf6 Bxf6 13. g4 d5 14. g5 Be7 15. Ne5 f6
16. gxf6 Bxf6 17. Nxd7 Qxd7 18. Qf3 Rf8 19. Bh6 Bg7 20. Qe3 Bxh6 21. Qxh6 Nxd3
22. cxd3 Rd8 23. f4 Rb8 24. Rae1 Ke7 25. Qxh7+ Rf7 26. Qxg6 Rh8 27. f5 Qd6 28.
Rxe6+ Kd7 29. Qxf7+ Qe7 30. Qxe7+ Kc8 31. f6 Rh3 32. f7 Rh8 33. f8=Q+ 1-0